[Event "GRE-ch U12"]
[Site "Patras"]
[Date "2013.07.14"]
[Round "9.5"]
[White "Stefanatos, Gerasimos"]
[Black "Boulamatsis, Konstantinos"]
[Result "1/2-1/2"]
[WhiteElo "1502"]
[BlackElo "1362"]
[PlyCount "29"]
[EventDate "2013.07.08"]
[EventType "swiss"]
[EventRounds "9"]
[EventCountry "GRE"]
[SourceTitle "EXT 2024"]
[Source "ChessBase"]
[SourceDate "2023.10.10"]
[SourceVersion "1"]
[SourceVersionDate "2023.10.10"]
[SourceQuality "1"]

1. e4 e6 2. d4 d5 3. Nd2 dxe4 4. Nxe4 Nd7 5. Nf3 Ngf6 6. Nxf6+ Nxf6 7. Bd3 Be7 8. Bg5 0-0 9. Qe2 Nd5 10. h4 h6 11. Bd2 c5 12. c4 Nf6 13. dxc5 Bxc5 14. Bc3 Ng4 15. 0-0 1/2-1/2

[Event "GRE-ch U12"]
[Site "Patras"]
[Date "2013.07.12"]
[Round "7.11"]
[White "Doudoulakakis, Athanasios"]
[Black "Boulamatsis, Konstantinos"]
[Result "1/2-1/2"]
[WhiteElo "1530"]
[BlackElo "1362"]
[PlyCount "90"]
[EventDate "2013.07.08"]
[EventType "swiss"]
[EventRounds "9"]
[EventCountry "GRE"]
[SourceTitle "EXT 2024"]
[Source "ChessBase"]
[SourceDate "2023.10.10"]
[SourceVersion "1"]
[SourceVersionDate "2023.10.10"]
[SourceQuality "1"]

1. e4 e6 2. d4 d5 3. Nd2 dxe4 4. Nxe4 Nd7 5. Nf3 Ngf6 6. Nxf6+ Nxf6 7. Bd3 Be7 8. 0-0 0-0 9. c3 b6 10. Re1 Bb7 11. Qe2 h6 12. Ne5 Qd5 13. f3 Qd8 14. Be3 Nd7 15. Nxd7 Qxd7 16. Qd2 h5 17. Bg5 Rad8 18. Bxe7 Qxe7 19. Qe3 Rd7 20. Rad1 Rfd8 21. f4 c5 22. dxc5 Qxc5 23. Qxc5 bxc5 24. Be2 g6 25. Rxd7 Rxd7 26. Rd1 Rxd1+ 27. Bxd1 Bd5 28. a3 a5 29. g3 Kf8 30. Kf2 Ke7 31. Ke3 Kd6 32. b4 axb4 33. axb4 cxb4 34. cxb4 Bc6 35. Kd4 Bb5 36. Bc2 Ba6 37. Bd3 Bxd3 38. Kxd3 Kd5 39. h3 f6 40. h4 e5 41. fxe5 Kxe5 42. b5 Kd5 43. b6 Kc6 44. Kd4 Kxb6 45. Kd5 g5 1/2-1/2

[Event "GRE-ch U12"]
[Site "Patras"]
[Date "2013.07.08"]
[Round "1.4"]
[White "Karousos Theodorakis, Nikolaos"]
[Black "Boulamatsis, Konstantinos"]
[Result "1-0"]
[WhiteElo "1718"]
[BlackElo "1362"]
[PlyCount "57"]
[EventDate "2013.07.08"]
[EventType "swiss"]
[EventRounds "9"]
[EventCountry "GRE"]
[SourceTitle "EXT 2024"]
[Source "ChessBase"]
[SourceDate "2023.10.10"]
[SourceVersion "1"]
[SourceVersionDate "2023.10.10"]
[SourceQuality "1"]

1. e4 e6 2. d4 d5 3. Nd2 dxe4 4. Nxe4 Nd7 5. Nf3 Ngf6 6. Nxf6+ Nxf6 7. Bd3 Be7 8. 0-0 0-0 9. b3 b6 10. Bb2 Bb7 11. c4 c5 12. dxc5 Bxc5 13. Qe2 Bxf3 14. Qxf3 Bd4 15. Bxd4 Qxd4 16. Rfd1 Qc5 17. a3 a5 18. b4 Qc7 19. Be2 Qe5 20. Qe3 Qxe3 21. fxe3 Rfd8 22. Bf3 Rac8 23. bxa5 bxa5 24. Bb7 Rb8 25. c5 Nd5 26. c6 Nc7 27. Rac1 Kf8 28. Rd7 Nd5 29. c7 1-0